Don Quijote de la Mancha / (Registro nro. 10527)

Detalles MARC
000 -LEADER
fixed length control field 00936nam a2200301 a 4500
001 - CONTROL NUMBER
control field 0045138
003 - CONTROL NUMBER IDENTIFIER
control field DO-SdBNP
005 - DATE AND TIME OF LATEST TRANSACTION
control field 20161107143554.0
007 - PHYSICAL DESCRIPTION FIXED FIELD--GENERAL INFORMATION
fixed length control field 0045138
008 - FIXED-LENGTH DATA ELEMENTS--GENERAL INFORMATION
fixed length control field 150204s2009 sp a 000 0 spa d
020 ## - INTERNATIONAL STANDARD BOOK NUMBER
International Standard Book Number 9788466755047
040 ## - CATALOGING SOURCE
Original cataloging agency BPMSU
Language of cataloging spa
Transcribing agency BPMSU
092 ## - LOCALLY ASSIGNED DEWEY CALL NUMBER (OCLC)
Classification number I863.32
Item number C419d
100 1# - MAIN ENTRY--PERSONAL NAME
Personal name Cervantes, Miguel de
245 10 - TITLE STATEMENT
Title Don Quijote de la Mancha /
Remainder of title
Statement of responsibility, etc. Miguel de Cervantes ; adaptación de paula López Hortas; ilustraciones de José Luis Zazo
250 ## - EDITION STATEMENT
Edition statement 7a. ed.
260 ## - PUBLICATION, DISTRIBUTION, ETC. (IMPRINT)
Place of publication, distribution, etc. Madrid :
Name of publisher, distributor, etc. Anaya,
Date of publication, distribution, etc. 20
300 ## - PHYSICAL DESCRIPTION
Extent 158 p. :
Other physical details il. ;
Dimensions 24 cm.
490 1# - SERIES STATEMENT
Series statement Clásicos a Media
Volume/sequential designation
600 ## - SUBJECT ADDED ENTRY--PERSONAL NAME
Personal name Cervantes Saavedra, Miguel de,
Dates associated with a name 1547-1616.
650 ## - SUBJECT ADDED ENTRY--TOPICAL TERM
Topical term or geographic name as entry element NOVELA ESPAÑOLA
650 ## - SUBJECT ADDED ENTRY--TOPICAL TERM
Topical term or geographic name as entry element LITERATURA ESPAÑOLA
700 1# - ADDED ENTRY--PERSONAL NAME
Personal name José Luis Zazo
Relator term il.
700 1# - ADDED ENTRY--PERSONAL NAME
Personal name López Hortas, Paula
Relator term
830 #0 - SERIES ADDED ENTRY--UNIFORM TITLE
Uniform title Clásicos a Media
Name of part/section of a work
942 ## - ADDED ENTRY ELEMENTS (KOHA)
Source of classification or shelving scheme Dewey Decimal Classification
Koha item type Libros
956 ## - LOCAL ELECTRONIC LOCATION AND ACCESS (OCLC)
Host name VMATEO
Access number 10
Compression information 20160623
Logon BPMSU
Processor of request 0069
Existencias
Withdrawn status Lost status Source of classification or shelving scheme Damaged status Not for loan Collection code Home library Current library Date acquired Source of acquisition Total Checkouts Barcode Date last seen Price effective from Koha item type
    Dewey Decimal Classification       Biblioteca Pública Metropolitana Salomé Ureña Biblioteca Pública Metropolitana Salomé Ureña 06/23/2016 FUNDI   BPMET16060413 06/23/2016 06/23/2016 Libros